[Event "Haarlem Nova College op"]
[Site "Haarlem"]
[Date "2006.07.08"]
[Round "4"]
[White "Pos, Hans"]
[Black "De Bruijn, Aad"]
[Result "0-1"]
[WhiteElo "1916"]
[BlackElo "2081"]
[PlyCount "76"]
[EventDate "2006.07.07"]
[EventType "swiss"]
[EventRounds "6"]
[EventCountry "NED"]
[SourceTitle "CBM 113 Extra"]
[Source "ChessBase"]
[SourceDate "2006.09.14"]
[SourceVersion "1"]
[SourceVersionDate "2006.09.14"]
[SourceQuality "1"]

1. d4 Nf6 2. Bg5 g6 3. Bxf6 exf6 4. e3 d6 5. Bd3 f5 6. c4 Nd7 7. Nc3 Bg7 8. Rc1 0-0 9. Nf3 c6 10. 0-0 Nf6 11. Re1 Re8 12. Qc2 Bd7 13. Re2 Rc8 14. Qb3 Ne4 15. Qc2 d5 16. Qb3 Be6 17. cxd5 Nxc3 18. bxc3 Bxd5 19. Bc4 Bxf3 20. Bxf7+ Kh8 21. gxf3 Rf8 22. Bc4 b5 23. Bd3 a5 24. a4 Qg5+ 25. Kh1 Qh5 26. Kg2 Qg5+ 27. Kh1 Qh5 28. Kg2 c5 29. Bxb5 cxd4 30. c4 Rc5 31. Rg1 dxe3 32. Qxe3 f4 33. Qe4 Rd8 34. Bd7 Rg5+ 35. Kh1 Re5 36. Qd3 Rxd7 37. Qxd7 Qxf3+ 38. Rg2 Qxe2 0-1